Loreto College Library, Kolkata
WEBOPAC (ONLINE PUBLIC ACCESS CATALOGUE)

India development report 2011 (Record no. 37345)

MARC details
000 -LEADER
fixed length control field 00671nam a2200229Ia 4500
005 - DATE AND TIME OF LATEST TRANSACTION
control field 20230426113319.0
008 - FIXED-LENGTH DATA ELEMENTS--GENERAL INFORMATION
fixed length control field 131103s9999 xx 000 0 und d
020 ## - ISBN | অাই এস বি এন
ISBN | অাই এস বি এন 9.78E+12
PRICE Rs.550.00
040 ## - CATALOGING SOURCE
Original cataloging agency Loreto College
041 ## - LANGUAGE CODE
Language code English
082 ## - DDC | ডিউই
Classification number | বর্গসংখ্যা 338.954
Book Number | গ্রন্থাঙ্ক NAC
245 ## - TITLE STATEMENT | অাখ্যা বিবরণী
Title | অাখ্যা India development report 2011
Statement of responsibility | লেখকের দায়িত্বের বিবরণ Edited by D. M. Nachane
260 ## - IMPRINT | প্রকাশনা ক্ষেত্র
Place of publication | প্রকাশ স্থান New Delhi
Name of publisher | প্রকাশকের নাম Oxford University Press
Date of publication | প্রকাশ কাল 2011
300 ## - PHYSICAL DESCRIPTION |
Page / Vol. No | পৃষ্ঠা / খন্ড সংখ্যা xix,277p
Other physical details | অনান্য বাহ্যিক বিবরণ tables, graphs, charts
630 ## - SUBJECT ADDED ENTRY--UNIFORM TITLE
Uniform title Development
630 ## - SUBJECT ADDED ENTRY--UNIFORM TITLE
Uniform title Economics
650 ## - SUBJECT ADDED ENTRY--TOPICAL TERM | বিষয় শিরোনাম - মূল বিষয়
Topical term | মূল বিষয় India-Economic development
651 ## - SUBJECT ADDED ENTRY--GEOGRAPHIC NAME | বিষয় শিরোনাম - ভৌগলিক নাম
Geographic name | ভৌগলিক বিষয় Indira Gandhi Institute of Development Research
700 ## - ADDED ENTRY--PERSONAL NAME | অতিরিক্ত সংলেখ - ব্
Personal name | ব্যাক্তিনাম Nachane,D. M., ed
850 ## - HOLDING INSTITUTION
Holding institution LCLIB
942 ## - ADDED ENTRY ELEMENTS (KOHA)
Koha item type Books
Holdings
Withdrawn status Lost status Source of classification Damaged status Not for loan Home library Current library Date acquired Total Checkouts Full call number Accession No. Date last seen Date checked out Price effective from Koha item type Coded location qualifier
    Dewey Decimal Classification     Loreto College Loreto College 04/11/2013 4 338.954 IND 48632 B40528 19/07/2019 19/07/2019 04/11/2013 Books  
    Dewey Decimal Classification     Loreto College Loreto College 04/11/2013 1 338.954 NAC 49640 B41448 20/02/2015 13/02/2015 04/11/2013 Books